MARC

LEADER 00000nam0a2200000 4500
001 280793
005 20231101235335.0
035 |a (RuTPU)RU\TPU\book\304353 
090 |a 280793 
100 |a 20150114d1930 m y0rusy50 ca 
101 0 |a rus 
102 |a RU 
105 |a a j 000zy 
200 1 |a Машины переменного тока  |e пособие для вузов  |f Д. И. Юскевич 
210 |a Москва  |c Транспечать  |d 1930 
215 |a 168 с.  |c ил. 
606 1 |a Электрические машины переменного тока  |2 stltpush  |3 (RuTPU)RU\TPU\subj\27186  |9 50980 
610 1 |a учебные пособия 
610 1 |a синхронные двигатели 
610 1 |a асинхронные двигатели 
610 1 |a преобразователи 
610 1 |a ртутные выпрямители 
675 |a 621.313.3.045  |v 4 
700 1 |a Юскевич  |b Д. И. 
801 1 |a RU  |b 63413507  |c 20150114 
801 2 |a RU  |b 63413507  |c 20170428  |g RCR 
942 |c BK